000 00812nam a2200193Ia 4500
008 151121s9999||||xx |||||||||||||| ||und||
082 _a810/कोल्हट
082 _bHNW-31196
100 _aखांडेकर वि। स।-संपा।
245 _aसमग्र कोल्हटकर खंड पहिला
260 _b"मुंबई मराठी ग्रंथसंग्रहालय, मुंबई।"
260 _c--
300 _a616
600 _aखांडेकर वि। स।-संपा।
630 _aसमग्र कोल्हटकर खंड पहिला
700 _aखांडेकर वि। स।-संपा।
730 _aसमग्र कोल्हटकर खंड पहिला
942 _cBOOK
999 _c1225247
_d1225244